Curso de matemática destinado a los alumnos del tercero de bachillerato

Gespeichert in:
Bibliographische Detailangaben
1. Verfasser: Macías Esquivel, Francisco .
Format: Buch
Sprache:Spanisch
Erschienen: Cádiz : Imprenta Sucesor de M. Alvarez, 1938
Katalog:MANES:  Suchergebnis im Bibliothekskatalog
Schulbuchspezifische Eigenschaften:
Tags: Tag hinzufügen
Keine Tags, Fügen Sie den ersten Tag hinzu!
Hinzugefügt zu:09.02.2019
Geändert in:07.05.2025

MARC

LEADER 00000cam a2200000 4500
005 20250507134548.0
008 190210S1938 0esp
040 |a uned  |b spa  |c entro-manes 
041 0 |a spa 
100 2 |a Macías Esquivel, Francisco .  |9 38967 
245 1 0 |a Curso de matemática destinado a los alumnos del tercero de bachillerato  |c por Francisco Macías Esquivel  |v Parte 1ª 
260 |a Cádiz :  |b Imprenta Sucesor de M. Alvarez,  |c 1938 
300 |a Parte 1ª (122 p.) 
500 |a Obra que puede servir de texto en los Centros de 2ª Enseñanza, según dictamen de la Comisión Oficial que radica en el Ministerio de Educación Nacional 
505 2 |a Contiene: Primera parte. Aritmética e introducción al álgebra 
546 |a España 
561 |5 es-BUNED  |3 L.T. 1575  |a España. Fondo Manes UNED  |k MANES 
690 0 |a MATE 
942 |2 ddc  |c BK 
999 |c 97352  |d 97352 
999 |c manes:97352  |d 97352